Código de comercio

সংরক্ষণ করুন:
গ্রন্থ-পঞ্জীর বিবরন
বিন্যাস: গ্রন্থ
ভাষা:স্প্যানিশ
প্রকাশিত: Santiago Juridica de Chile 1977
সংস্করন:7a. ed
বিষয়গুলি:
ট্যাগগুলো: ট্যাগ যুক্ত করুন
কোনো ট্যাগ নেই, প্রথমজন হিসাবে ট্যাগ করুন!

MARC

LEADER 00000cam a2200000 a 4500
001 UCD3572
003 CL-VaPUC
008 160609e19770700cl |||||||||||||||||spa|d
082 0 4 |a 346.8307  |b COD  |2 21 
245 1 0 |a Código de comercio 
250 |a 7a. ed 
300 |a 1151 p 
942 |c BK 
945 |d 20160609 22:21:00  |a arojas 
260 |a Santiago  |b Juridica de Chile  |c 1977 
500 |a Edición oficial al 31 de Diciembre de 1976 por Decreto No 665, de 3 de Junio de 1977 del Ministerio de Justicia 
600 0 7 |a MINISTERIO DE JUSTICIA  |2 CL-VaPUC  |9 383799 
650 0 |a Código de comercio   |9 329302 
650 0 |a Derecho comercial   |9 256340 
650 0 |a Comerciantes  |9 267878 
650 0 |a Comercio  |9 255341 
650 7 |a CONTRATOS MERCANTILES  |2 CL-VaPUC  |9 391846 
583 |a last modification  |c 20160701 10:05:07  |k Rodrigo Vera 
999 |c 364608  |d 364606 
952 |0 0  |1 0  |2 ddc  |3 erb  |4 0  |5 1  |6 346_830700000000000_COD_1977  |7 1  |8 C_LRYV  |9 478156  |a FDOBRV  |b BIBDER  |i 5312906  |o 346.8307 COD 1977  |p 5312906  |r 2023-01-25  |w 2019-11-24  |y BK_X  |z Catalogado en:20160609  |k BRV